00752nam a2200229Ia 450000500170000000800410001702000150005805000190007310000270009224500950011926000330021430000180024733700100026533800140027550000770028950500380036665000190040465000200042365000230044365000260046670000300049220231102151236.0120630s 1990sp 000 0 spa d a847112338X aHM131 bT8718 aTURNER, John C.eautor00aRedescubrir el grupo social b: una teoria de la categorizacion del yoc / John c. Turner  aEspañab : Moratac , 1990 a310 páginas atexto asin medio aPlan Flexible Pedagogía / Educación para adultos (P15-1) (19 000933) aIncluye índice y bibliografía aAutopercepcion aGrupos sociales aInteraccion social aIdentificacion grupal aMANZANO, PabloeTRADUCTOR